000
00318nam a22001337a 4500
003
SGT
082
_a
617.632
_b
S16K
100
_a
KAUR, TABEYADEEP
245
_a
SUPPORTIVE PERIODONTAL THERAPY
260
_a
DELHI NCR
_b
SGT UNIVERSITY GURUGRAM
_c
2016
300
_a
1-118
650
_a
PERIODONTICS
942
_2
ddc
_c
TH
999
_c
18954
_d
18954